Complementary feeding of young children in developing countries: a review of current scientific knowledge. (Record no. 31107)
[ view plain ]
| 000 -LEADER | |
|---|---|
| fixed length control field | 00779nam a2200169 a 4500 |
| 008 - FIXED-LENGTH DATA ELEMENTS--GENERAL INFORMATION | |
| fixed length control field | 120921s1998 ||||||||||||||||| || u |
| 050 ## - LIBRARY OF CONGRESS CALL NUMBER | |
| Classification number | RJ 216 COM |
| 110 ## - MAIN ENTRY--CORPORATE NAME | |
| Corporate name or jurisdiction name as entry element | World Health Organization (WHO) |
| 245 10 - TITLE STATEMENT | |
| Title | Complementary feeding of young children in developing countries: a review of current scientific knowledge. |
| Statement of responsibility, etc. | by World Health Organization |
| 260 ## - PUBLICATION, DISTRIBUTION, ETC. | |
| Place of publication, distribution, etc. | Geneva: |
| Name of publisher, distributor, etc. | WHO |
| Date of publication, distribution, etc. | 1998 |
| 300 ## - PHYSICAL DESCRIPTION | |
| Extent | ix, 228p.: ill. |
| 500 ## - GENERAL NOTE | |
| General note | Orange Trunk Library Collection (WHO). |
| 650 ## - SUBJECT ADDED ENTRY--TOPICAL TERM | |
| Topical term or geographic name entry element | FEEDING BEHAVIOUR |
| 650 ## - SUBJECT ADDED ENTRY--TOPICAL TERM | |
| Topical term or geographic name entry element | CHILDREN--NUTRITION--DEVELOPING COUNTRIES |
| 650 ## - SUBJECT ADDED ENTRY--TOPICAL TERM | |
| Topical term or geographic name entry element | NUTRITION OF INFANTS |
| 995 ## - | |
| -- | MEDICAL LIBRARY OPEN ACCESS |
| -- | 901902 |
| -- | CBU-SCHOOL OF MEDICINE LIBRARY (Ndola) |
| -- | OTL RJ 216 Com (BOX 7) |
| -- | 1 |
| -- | AVAILABLE |
| -- | Oct 22, 2012 |
| -- | 901902 |
| -- | Medical Library Open Access Collection |
| 999 ## - | |
| -- | 31107 |
| -- | 31107 |
| Withdrawn status | Lost status | Source of classification or shelving scheme | Damaged status | Not for loan | Permanent Location | Current Location | Shelving location | Date acquired | Total Checkouts | Full call number | Barcode | Date last seen | Price effective from | Koha item type |
|---|---|---|---|---|---|---|---|---|---|---|---|---|---|---|
| CBU-SCHOOL OF MEDICINE LIBRARY, NDOLA. | CBU-SCHOOL OF MEDICINE LIBRARY, NDOLA. | 11/30/2022 | RJ 216 COM | 901902 | 11/30/2022 | 11/30/2022 | MONOGRAPH |